The spectrum of large scale structures in a mixing layer / (Record no. 85050)

MARC details
000 -LEADER
campo de control de longitud fija 00562nam a2200169 i 4500
001 - NÚMERO DE CONTROL
campo de control 85050
003 - IDENTIFICADOR DE NÚMERO DE CONTROL
campo de control ES-MaACL
005 - FECHA Y HORA DE LA ÚLTIMA TRANSACCIÓN
campo de control 20230906175155.0
007 - CAMPO FIJO DE DESCRIPCIÓN FÍSICA--INFORMACIÓN GENERAL
campo de control de longitud fija t|
008 - DATOS DE LONGITUD FIJA--INFORMACIÓN GENERAL
campo de control de longitud fija 041125q1979 xxk ||||1| eng d
100 1# - ENTRADA PRINCIPAL--NOMBRE DE PERSONA
Nombre de persona Jiménez, J.
9 (RLIN) 66410
245 14 - MENCIÓN DEL TÍTULO
Título The spectrum of large scale structures in a mixing layer /
Mención de responsabilidad, etc. J. Jiménez, R. Martínez-Val, M. Rebollo.
260 ## - PUBLICACIÓN, DISTRIBUCIÓN, ETC.
Lugar de publicación, distribución, etc. [S.l. :
Nombre del editor, distribuidor, etc. s.n.,
Fecha de publicación, distribución, etc. 1979?]
300 ## - DESCRIPCIÓN FÍSICA
Extensión 5 h. ;
Dimensiones 30 cm.
711 2# - ENTRADA AGREGADA--NOMBRE DE REUNIÓN
Nombre de congreso/reunión o jurisdicción como elemento de entrada Internacional Symposium on Turbulente Shear Flows (
Número del congreso/reunión o número de parte o sección 2nd.
Fecha del congreso o de la firma del tratado 1979.
Sede del congreso/Lugar de la reunión London)
9 (RLIN) 758
852 ## - LOCALIZACIÓN
Ubicación ES-MaACL
Número de control de estantería 2116-F-31
Sublocalización o colección R.99845
Holdings
Estatus retirado Estado de pérdida Estado de daño No para préstamo Colección Biblioteca de origen Biblioteca actual Ubicación en estantería Fecha de adquisición Fuente de adquisición Total de préstamos Signatura topográfica completa Código de barras Visto por última vez Precio de reemplazo Tipo de ítem Koha
        Colección de folletos Biblioteca del Ateneo de Madrid Biblioteca del Ateneo de Madrid Depósito folletos 17/01/2008     2116-F-31 1088877 23/02/2023 23/02/2023 Folleto